FIFA FIFPro World XI 2011 - Statistics

Statistiche generali
  • Questo quiz è stato fatto 13 volte
  • Il punteggio medio è 10 su 11
Statistiche sulle risposte
Ruolo Nazione Squadra Calciatore % Corretto
Centrocampista Spagna Barcellona Andrés Iniesta
100%
Attaccante Portogallo BReal Madrid Cristiano Ronaldo
100%
Difensore Spagna Barcellona Gerard Piqué
100%
Portiere Spagna Real Madrid Iker Casillas
100%
Attaccante Argentina Barcellona Lionel Messi
100%
Attaccante 'Inghilterra Manchester United Wayne Rooney
100%
Centrocampista Spagna Barcellona Xavi
100%
Difensore Brasile Barcellona Daniel Alves
91%
Difensore Serbia Manchester United Nemanja Vidić
82%
Difensore Spagna Real Madrid Sergio Ramos
82%
Centrocampista Spagna Real Madrid Xabi Alonso
82%
Nessun quiz corrispondente trovato
Distribuzione punteggi
Percentuale di utenti per punteggio
Percentile per numero di risposta
I tuoi punteggi nel tempo
Non hai fatto questo quiz